[Event "Titled Tuesday intern op 06th Feb Late"]
[Site "Chess.com INT"]
[Date "2024.02.06"]
[Round "1"]
[White "Oparin, Grigoriy"]
[Black "Valdes Escobar, Alvaro Daniel"]
[Result "1-0"]
[WhiteElo "2671"]
[BlackElo "2336"]
[PlyCount "75"]
[EventDate "2024.02.06"]
[EventType "swiss (blitz)"]
[EventRounds "11"]
[EventCountry "USA"]
[SourceTitle "CB07_2024"]
[SourceDate "2024.02.14"]
[SourceVersion "1"]
[SourceVersionDate "2024.02.14"]
[SourceQuality "1"]

1. a3 d5 2. Nf3 Nf6 3. e3 Bg4 4. h3 Bxf3 5. Qxf3 c6 6. b4 Nbd7 7. Bb2 e5 8. c4 Bd6 9. cxd5 cxd5 10. Nc3 e4 11. Qd1 0-0 12. Be2 Ne5 13. Nb5 Bb8 14. Rc1 a5 15. 0-0 axb4 16. axb4 Qe7 17. Qb3 Rd8 18. Rc2 Nc6 19. Rc5 Be5 20. Rfc1 Bxb2 21. Qxb2 Rd7 22. Nd4 Nxd4 23. Qxd4 Rad8 24. b5 h6 25. b6 Qd6 26. Rc7 Ne8 27. R7c2 Re7 28. Bb5 Nf6 29. Rc7 Ne8 30. Bxe8 Rdxe8 31. R1c5 Rd8 32. Rxe7 Qxe7 33. Rxd5 Rxd5 34. Qxd5 g6 35. g3 h5 36. h4 Kg7 37. Qc4 Kh7 38. Qc7 1-0

[Event "Temuco op 1st"]
[Site "Temuco"]
[Date "2023.10.08"]
[Round "4"]
[White "Valdes Escobar, Alvaro Daniel"]
[Black "Gasic Merino, Franco Ignacio"]
[Result "0-1"]
[WhiteElo "2345"]
[BlackElo "2160"]
[PlyCount "66"]
[EventDate "2023.10.06"]
[EventType "swiss"]
[EventRounds "7"]
[EventCountry "CHI"]
[SourceTitle "Mega2024 Update 01"]
[Source "Chessbase"]
[SourceDate "2023.11.12"]
[SourceVersion "1"]
[SourceVersionDate "2023.11.12"]
[SourceQuality "1"]

1. d4 Nf6 2. Nc3 d5 3. Bf4 e6 4. Nb5 Na6 5. e3 c6 6. Nc3 Qb6 7. a3 c5 8. Nf3 Bd7 9. Rb1 Be7 10. Ne5 Bc6 11. Nxc6 bxc6 12. Na4 Qa5+ 13. c3 c4 14. b3 cxb3 15. Qxb3 0-0 16. Be2 Ne4 17. Qc2 Nc7 18. Bxc7 Qxc7 19. f3 Nf6 20. c4 e5 21. c5 exd4 22. exd4 Nh5 23. g3 Rfe8 24. Qd2 Bf6 25. Kf2 g6 26. Bf1 Qe7 27. Nc3 Bg5 28. f4 Qf6 29. h4 Bh6 30. Bg2 Nxf4 31. gxf4 Bxf4 32. Qd1 Be3+ 33. Kg3 Bf2+ 0-1

[Event "Temuco op 1st"]
[Site "Temuco"]
[Date "2023.10.06"]
[Round "1"]
[White "Cordero Alchahueni, Jorge Marcelo"]
[Black "Valdes Escobar, Alvaro Daniel"]
[Result "0-1"]
[WhiteElo "1503"]
[BlackElo "2345"]
[PlyCount "92"]
[EventDate "2023.10.06"]
[EventType "swiss"]
[EventRounds "7"]
[EventCountry "CHI"]
[SourceTitle "Mega2024 Update 01"]
[Source "Chessbase"]
[SourceDate "2023.11.12"]
[SourceVersion "1"]
[SourceVersionDate "2023.11.12"]
[SourceQuality "1"]

1. d4 Nf6 2. c4 g6 3. Nc3 Bg7 4. e4 d6 5. h3 0-0 6. Be3 c5 7. d5 e6 8. Nf3 exd5 9. exd5 Re8 10. Be2 Rxe3 11. fxe3 Qe7 12. 0-0 Nbd7 13. Qd3 a6 14. a4 Ne5 15. Nxe5 Qxe5 16. e4 Bd7 17. Rad1 Re8 18. Qf3 h5 19. Qf4 Qe7 20. Bd3 Nh7 21. Qd2 Be5 22. a5 Qh4 23. Ne2 Kg7 24. Qe3 Nf6 25. Qf2 Qg5 26. h4 Qh6 27. b4 cxb4 28. Rb1 Re7 29. Rxb4 Qd2 30. Rb3 Ng4 31. Qe1 Qe3+ 32. Kh1 Bc8 33. Rf3 Qc5 34. Qg1 Qxa5 35. Qb6 Qe1+ 36. Ng1 Qxh4+ 37. Nh3 Qe1+ 38. Bf1 Nf6 39. Rbe3 Qc1 40. Ng5 Bg4 41. Rf2 Nd7 42. Ne6+ Rxe6 43. dxe6 Nxb6 44. Rxf7+ Kg8 45. Rb3 Bxe6 46. Rf2 Bxc4 0-1

[Event "Titled Tuesday intern op 06th Jun Early"]
[Site "Chess.com INT"]
[Date "2023.06.06"]
[Round "8"]
[White "Lakshmi, Chidambaram"]
[Black "Valdes Escobar, Alvaro Daniel"]
[Result "0-1"]
[WhiteElo "1928"]
[BlackElo "2345"]
[PlyCount "32"]
[EventDate "2023.06.06"]
[EventType "swiss (blitz)"]
[EventRounds "11"]
[EventCountry "USA"]
[SourceTitle "EXT 2024"]
[Source "ChessBase"]
[SourceDate "2023.10.10"]
[SourceVersion "1"]
[SourceVersionDate "2023.10.10"]
[SourceQuality "1"]

1. e4 c5 2. Nf3 d6 3. d4 cxd4 4. Nxd4 Nf6 5. Nc3 Nc6 6. Be3 Ng4 7. Nxc6 Nxe3 8. Nxd8 Nxd1 9. Nxf7 Nxc3 10. Nxh8 Nxe4 11. Bd3 Nf6 12. h4 e5 13. Bb5+ Ke7 14. 0-0-0 Be6 15. f4 g6 16. fxe5 dxe5 0-1

[Event "Titled Tuesday intern op 06th Jun Early"]
[Site "Chess.com INT"]
[Date "2023.06.06"]
[Round "10"]
[White "Valdes Escobar, Alvaro Daniel"]
[Black "Garcia Jimenez, Francisco Javier"]
[Result "0-1"]
[WhiteElo "2345"]
[BlackElo "2259"]
[PlyCount "96"]
[EventDate "2023.06.06"]
[EventType "swiss (blitz)"]
[EventRounds "11"]
[EventCountry "USA"]
[SourceTitle "EXT 2024"]
[Source "ChessBase"]
[SourceDate "2023.10.10"]
[SourceVersion "1"]
[SourceVersionDate "2023.10.10"]
[SourceQuality "1"]

1. e4 d5 2. exd5 Qxd5 3. Nc3 Qd8 4. d4 Nf6 5. Nf3 Bg4 6. h3 Bxf3 7. Qxf3 c6 8. Ne2 e6 9. g4 Qd5 10. Bg2 Qxf3 11. Bxf3 Nbd7 12. Bf4 Nd5 13. Bg3 Be7 14. Bg2 h5 15. 0-0-0 hxg4 16. hxg4 0-0-0 17. c4 N5b6 18. b3 Bf6 19. Kc2 a5 20. Rxh8 Rxh8 21. Nc3 Nb8 22. Ne4 Na6 23. Nd6+ Kd7 24. Nxf7 Nb4+ 25. Kb2 Rf8 26. Ne5+ Bxe5 27. dxe5+ Kc7 28. Rd6 Nc8 29. Rxe6 Nd3+ 30. Kc3 Nxf2 31. Rg6 Nd1+ 32. Kd2 Rd8+ 33. Kc1 Nc3 34. Rxg7+ Kb6 35. Kc2 Nd1 36. Be4 Ne3+ 37. Kc3 Nd1+ 38. Kc2 Ne3+ 39. Kb2 Rd2+ 40. Ka3 Rd4 41. Bf5 Rd2 42. Bf4 Nc2+ 43. Bxc2 Rxc2 44. Be3+ Ka6 45. e6 b5 46. cxb5+ cxb5 47. b4 a4 48. Bd4 Nd6 0-1

[Event "Titled Tuesday intern op 06th Jun Early"]
[Site "Chess.com INT"]
[Date "2023.06.06"]
[Round "7"]
[White "Valdes Escobar, Alvaro Daniel"]
[Black "Valle Luis, Leo"]
[Result "0-1"]
[WhiteElo "2345"]
[BlackElo "2354"]
[PlyCount "128"]
[EventDate "2023.06.06"]
[EventType "swiss (blitz)"]
[EventRounds "11"]
[EventCountry "USA"]
[SourceTitle "EXT 2024"]
[Source "ChessBase"]
[SourceDate "2023.10.10"]
[SourceVersion "1"]
[SourceVersionDate "2023.10.10"]
[SourceQuality "1"]

1. e4 c6 2. d4 d5 3. Nd2 dxe4 4. Nxe4 Nf6 5. Nxf6+ exf6 6. c3 Bd6 7. Bd3 0-0 8. Qc2 Re8+ 9. Ne2 h5 10. 0-0 Nd7 11. Be3 Nf8 12. Rfe1 h4 13. Bf5 Bxf5 14. Qxf5 g6 15. Qh3 f5 16. Bh6 Ne6 17. Qd3 Kh7 18. Bd2 Kg7 19. c4 Rh8 20. Bc3 f6 21. Rad1 Qc7 22. h3 Rad8 23. d5 Nc5 24. Qd4 Ne4 25. Qd3 c5 26. f3 Bh2+ 27. Kf1 Nxc3 28. Nxc3 Bg3 29. Re6 Rhe8 30. Rxe8 Rxe8 31. d6 Qd7 32. Ne2 Be5 33. b3 g5 34. f4 gxf4 35. Qf3 Re6 36. Nxf4 Rxd6 37. Rxd6 Qxd6 38. Nd5 Qe6 39. Qh5 Bg3 40. Qe2 Be5 41. a4 Qf7 42. Qe1 Qh5 43. Qe2 Qg5 44. Qf3 Qc1+ 45. Ke2 Qc2+ 46. Kf1 Bg3 47. Ne3 Qc1+ 48. Nd1 Qd2 49. Qe2 Qf4+ 50. Qf3 Qd4 51. Ne3 Qa1+ 52. Qd1 Qc3 53. Qd7+ Kf8 54. Qc8+ Kf7 55. Qd7+ Kf8 56. Qd8+ Kf7 57. Qd7+ Kg6 58. Qxf5+ Kg7 59. Qd7+ Kf8 60. Qd8+ Kf7 61. Qd7+ Kg6 62. Qg4+ Kh7 63. Qf5+ Kh6 64. Qg4 Qe1# 0-1

[Event "Titled Tuesday intern op 09th May Early"]
[Site "Chess.com INT"]
[Date "2023.05.09"]
[Round "2"]
[White "Kirillov, Dmitry1111"]
[Black "Valdes Escobar, Alvaro Daniel"]
[Result "1-0"]
[WhiteElo "2179"]
[BlackElo "2349"]
[PlyCount "47"]
[EventDate "2023.05.09"]
[EventType "swiss (blitz)"]
[EventRounds "11"]
[EventCountry "USA"]
[SourceTitle "CBM 214 Extra"]
[Source "ChessBase"]
[SourceDate "2023.07.31"]
[SourceVersion "1"]
[SourceVersionDate "2023.07.31"]
[SourceQuality "1"]

1. d4 Nf6 2. c4 g6 3. Nc3 Bg7 4. e4 d6 5. Be2 0-0 6. Bg5 Nc6 7. Nf3 Bg4 8. d5 Bxf3 9. Bxf3 Ne5 10. Be2 c6 11. 0-0 cxd5 12. exd5 Rc8 13. b3 Ned7 14. Rc1 a5 15. Be3 Nc5 16. h3 Nfe4 17. Nb5 Na6 18. Qc2 Nec5 19. a3 a4 20. b4 Nb3 21. Rcd1 Qd7 22. Qd3 Bb2 23. Qb1 Bxa3 24. Nxa3 1-0

[Event "Titled Tuesday intern op 09th May Early"]
[Site "Chess.com INT"]
[Date "2023.05.09"]
[Round "3"]
[White "Valdes Escobar, Alvaro Daniel"]
[Black "Goldin, Roman"]
[Result "0-1"]
[WhiteElo "2349"]
[BlackElo "2322"]
[PlyCount "74"]
[EventDate "2023.05.09"]
[EventType "swiss (blitz)"]
[EventRounds "11"]
[EventCountry "USA"]
[SourceTitle "CBM 214 Extra"]
[Source "ChessBase"]
[SourceDate "2023.07.31"]
[SourceVersion "1"]
[SourceVersionDate "2023.07.31"]
[SourceQuality "1"]

1. e4 Nc6 2. d4 e5 3. Nf3 exd4 4. Nxd4 g6 5. Nc3 Bg7 6. Be3 Nf6 7. f3 0-0 8. Bc4 Re8 9. Nde2 Na5 10. Bb3 Nxb3 11. axb3 d5 12. 0-0 dxe4 13. Qxd8 Rxd8 14. fxe4 Ng4 15. Bg5 Re8 16. h3 h6 17. Bh4 Ne3 18. Rfc1 f5 19. Bf2 f4 20. Nxf4 Bxc3 21. bxc3 Rxe4 22. Bxe3 Rxe3 23. Nd5 Re2 24. Nxc7 Rb8 25. Rxa7 Bd7 26. Ra8 Rxa8 27. Nxa8 Bc6 28. g4 Rg2+ 29. Kf1 Rh2 30. Re1 Rxh3 31. c4 Rg3 32. Nc7 Rxg4 33. b4 h5 34. b5 Be4 35. Ne6 h4 36. Re3 h3 37. Kf2 h2 0-1

[Event "Titled Tuesday intern op 02nd May Early"]
[Site "Chess.com INT"]
[Date "2023.05.02"]
[Round "2"]
[White "Valdes Escobar, Alvaro Daniel"]
[Black "Djordjevic, Vuk D"]
[Result "0-1"]
[WhiteElo "2349"]
[BlackElo "2375"]
[PlyCount "118"]
[EventDate "2023.05.02"]
[EventType "swiss (blitz)"]
[EventRounds "11"]
[EventCountry "USA"]
[SourceTitle "EXT 2024"]
[Source "ChessBase"]
[SourceDate "2023.10.10"]
[SourceVersion "1"]
[SourceVersionDate "2023.10.10"]
[SourceQuality "1"]

1. Nf3 Nf6 2. c4 e6 3. Nc3 Bb4 4. g4 h6 5. Rg1 b6 6. h4 Bb7 7. g5 hxg5 8. hxg5 Ne4 9. e3 f6 10. Nxe4 Bxe4 11. a3 Be7 12. d3 Bb7 13. e4 c5 14. Be2 Nc6 15. Be3 Qc7 16. Qd2 0-0-0 17. 0-0-0 d5 18. exd5 exd5 19. Bf4 Qd7 20. gxf6 gxf6 21. Rg7 Qe6 22. Qe3 Qxe3+ 23. Bxe3 d4 24. Bf4 Bd6 25. Bxd6 Rxd6 26. Rdg1 Re8 27. Kd2 Rd7 28. Bd1 Ree7 29. Rg8+ Kc7 30. Nh4 Ne5 31. Nf5 Rh7 32. R8g7 Bc8 33. Rxh7 Rxh7 34. Rg7+ Rxg7 35. Nxg7 Kd6 36. Nh5 Ke7 37. f4 Nf7 38. Bf3 Nd6 39. Ng3 Be6 40. b4 Bxc4 41. bxc5 bxc5 42. dxc4 Nxc4+ 43. Kd3 Nxa3 44. Bd5 Nb5 45. Nf5+ Kd7 46. Bc4 Nc7 47. Ke4 a5 48. Kd3 a4 49. Kc2 Kc6 50. Kd3 Nb5 51. Ne7+ Kb6 52. Nd5+ Ka5 53. Bxb5 Kxb5 54. Nxf6 a3 55. Kc2 d3+ 56. Kxd3 a2 57. Ne4 a1Q 58. Nc3+ Kb4 59. f5 Qxc3+ 0-1

[Event "Titled Tuesday intern op 02nd May Early"]
[Site "Chess.com INT"]
[Date "2023.05.02"]
[Round "8"]
[White "Valdes Escobar, Alvaro Daniel"]
[Black "Liu, Casper Yukun"]
[Result "1-0"]
[WhiteElo "2349"]
[BlackElo "2278"]
[PlyCount "75"]
[EventDate "2023.05.02"]
[EventType "swiss (blitz)"]
[EventRounds "11"]
[EventCountry "USA"]
[SourceTitle "EXT 2024"]
[Source "ChessBase"]
[SourceDate "2023.10.10"]
[SourceVersion "1"]
[SourceVersionDate "2023.10.10"]
[SourceQuality "1"]

1. e4 c5 2. Nf3 d6 3. Bb5+ Bd7 4. Bxd7+ Nxd7 5. c4 Ne5 6. d3 e6 7. Nc3 g6 8. 0-0 Bg7 9. Ne1 Ne7 10. f4 N5c6 11. Be3 0-0 12. Nc2 f5 13. Qd2 Nd4 14. Rab1 Nec6 15. Ne2 Nxc2 16. Qxc2 e5 17. exf5 Rxf5 18. Ng3 Rf8 19. f5 Qh4 20. fxg6 hxg6 21. Ne4 Nd4 22. Bxd4 exd4 23. Qe2 Rae8 24. Rxf8+ Rxf8 25. Rf1 Rxf1+ 26. Qxf1 Be5 27. g3 Qh6 28. b3 Qe3+ 29. Kg2 b6 30. Qf3 Qc1 31. Qe2 Kg7 32. h4 Qh6 33. Ng5 Qh8 34. Qf3 Qe8 35. Qb7+ Kf6 36. Nh7+ Kf5 37. Qd5 Qf8 38. Nxf8 1-0

[Event "Titled Tuesday intern op 02nd May Early"]
[Site "Chess.com INT"]
[Date "2023.05.02"]
[Round "11"]
[White "Valdes Escobar, Alvaro Daniel"]
[Black "Perez Gormaz, Matias Ariel"]
[Result "1-0"]
[WhiteElo "2349"]
[BlackElo "2406"]
[PlyCount "61"]
[EventDate "2023.05.02"]
[EventType "swiss (blitz)"]
[EventRounds "11"]
[EventCountry "USA"]
[SourceTitle "EXT 2024"]
[Source "ChessBase"]
[SourceDate "2023.10.10"]
[SourceVersion "1"]
[SourceVersionDate "2023.10.10"]
[SourceQuality "1"]

1. e4 e5 2. Nf3 Nc6 3. Bc4 Bc5 4. c3 Nf6 5. d3 d6 6. 0-0 a5 7. Bb3 0-0 8. Nbd2 Be6 9. a4 h6 10. Nc4 Ba7 11. Be3 Re8 12. Bxa7 Rxa7 13. Ne3 d5 14. Qc2 dxe4 15. dxe4 Bxb3 16. Qxb3 Nxe4 17. Rad1 Qc8 18. Nd5 Nd6 19. Rfe1 e4 20. Nd4 Nxd4 21. Rxd4 Ra8 22. Nb6 cxb6 23. Rxd6 Re7 24. Qxb6 Qf5 25. h3 Rae8 26. Re3 Qh5 27. Qd4 g6 28. Rd5 Qh4 29. Rxa5 f5 30. Rd5 f4 31. Re2 1-0

[Event "Titled Tuesday intern op 25th Apr Early"]
[Site "Chess.com INT"]
[Date "2023.04.25"]
[Round "7"]
[White "Ahmad, Khagan"]
[Black "Valdes Escobar, Alvaro Daniel"]
[Result "1-0"]
[WhiteElo "2321"]
[BlackElo "2349"]
[PlyCount "45"]
[EventDate "2023.04.25"]
[EventType "swiss (blitz)"]
[EventRounds "11"]
[EventCountry "USA"]
[SourceTitle "EXT 2024"]
[Source "ChessBase"]
[SourceDate "2023.10.10"]
[SourceVersion "1"]
[SourceVersionDate "2023.10.10"]
[SourceQuality "1"]

1. d4 Nf6 2. Nf3 g6 3. Nc3 Bg7 4. e4 d6 5. Be2 0-0 6. Bg5 Nc6 7. Qd2 Bg4 8. h3 Bxf3 9. Bxf3 Nd7 10. d5 Nd4 11. Bd1 c5 12. 0-0 b5 13. Rb1 Nb6 14. b3 a5 15. Ne2 a4 16. c3 Nxe2+ 17. Bxe2 axb3 18. Rxb3 Nc4 19. Qc2 Ra5 20. a4 Rxa4 21. Rxb5 Na3 22. Qxa4 Nxb5 23. Qxb5 1-0

[Event "Titled Tuesday intern op 25th Apr Early"]
[Site "Chess.com INT"]
[Date "2023.04.25"]
[Round "2"]
[White "Chabris, Christopher"]
[Black "Valdes Escobar, Alvaro Daniel"]
[Result "1-0"]
[WhiteElo "2053"]
[BlackElo "2349"]
[PlyCount "63"]
[EventDate "2023.04.25"]
[EventType "swiss (blitz)"]
[EventRounds "11"]
[EventCountry "USA"]
[SourceTitle "EXT 2024"]
[Source "ChessBase"]
[SourceDate "2023.10.10"]
[SourceVersion "1"]
[SourceVersionDate "2023.10.10"]
[SourceQuality "1"]

1. e4 c5 2. Nf3 e6 3. d4 cxd4 4. Nxd4 Nf6 5. Nc3 Nc6 6. Nxc6 bxc6 7. Bd3 d5 8. e5 Nd7 9. Bf4 Rb8 10. Rb1 Be7 11. Qg4 g6 12. a3 Nc5 13. 0-0 h5 14. Qg3 h4 15. Qg4 h3 16. g3 Nxd3 17. cxd3 Ba6 18. Rfd1 Rb3 19. d4 Rh5 20. Be3 Bc4 21. Ne2 Qb6 22. Nf4 Rf5 23. Qxh3 Rxb2 24. Rxb2 Qxb2 25. Qh8+ Bf8 26. g4 Qc2 27. Re1 Rg5 28. h3 Qc3 29. Rc1 Qxa3 30. Nxe6 fxe6 31. Bxg5 Qf3 32. Bh6 1-0

[Event "Titled Tuesday intern op 04th Apr Late"]
[Site "Chess.com INT"]
[Date "2023.04.04"]
[Round "1"]
[White "Dubov, Daniil"]
[Black "Valdes Escobar, Alvaro Daniel"]
[Result "1-0"]
[WhiteElo "2708"]
[BlackElo "2349"]
[PlyCount "105"]
[EventDate "2023.04.04"]
[EventType "swiss (blitz)"]
[EventRounds "11"]
[EventCountry "USA"]
[SourceTitle "EXT 2024"]
[Source "ChessBase"]
[SourceDate "2023.10.10"]
[SourceVersion "1"]
[SourceVersionDate "2023.10.10"]
[SourceQuality "1"]

1. d4 Nf6 2. Nf3 e6 3. Bg5 Be7 4. Nbd2 c5 5. e3 cxd4 6. exd4 0-0 7. Bd3 b6 8. 0-0 Bb7 9. Re1 d6 10. a4 a6 11. c3 Nbd7 12. Qe2 Re8 13. h3 Qc7 14. Bf4 Nf8 15. Bh2 Qc6 16. Nc4 Ng6 17. a5 b5 18. Nb6 Rad8 19. Rac1 Nd5 20. Be4 Ndf4 21. Bxf4 Nxf4 22. Qd2 Nd5 23. Nxd5 exd5 24. Bd3 Bf6 25. Nh2 Bc8 26. Nf1 Qc7 27. Ne3 Bg5 28. h4 Bxe3 29. Rxe3 Rxe3 30. Qxe3 Qxa5 31. Qe7 Be6 32. Re1 Qb6 33. f4 Rf8 34. Bxh7+ Kxh7 35. Qxf8 b4 36. f5 Bxf5 37. Qxf7 Be4 38. Re3 bxc3 39. bxc3 Qb1+ 40. Kh2 Bg6 41. Qxd5 a5 42. Qxa5 Qc1 43. Qg5 Qf1 44. Rg3 Qf7 45. Qxg6+ Qxg6 46. Rxg6 Kxg6 47. g4 Kf6 48. Kg3 g6 49. c4 Ke6 50. Kf4 Kf6 51. Ke4 Ke6 52. d5+ Kf6 53. Kd4 1-0

[Event "Titled Tuesday intern op 04th Apr Early"]
[Site "Chess.com INT"]
[Date "2023.04.04"]
[Round "1"]
[White "Kornyukov, Alexey"]
[Black "Valdes Escobar, Alvaro Daniel"]
[Result "0-1"]
[WhiteElo "2452"]
[BlackElo "2349"]
[PlyCount "52"]
[EventDate "2023.04.04"]
[EventType "swiss (blitz)"]
[EventRounds "11"]
[EventCountry "USA"]
[SourceTitle "EXT 2024"]
[Source "ChessBase"]
[SourceDate "2023.10.10"]
[SourceVersion "1"]
[SourceVersionDate "2023.10.10"]
[SourceQuality "1"]

1. e4 c5 2. Nf3 e6 3. c3 d5 4. exd5 Qxd5 5. d4 Nf6 6. Be2 Nc6 7. 0-0 cxd4 8. cxd4 Be7 9. Nc3 Qd8 10. Be3 0-0 11. Bd3 b6 12. Ne5 Bb7 13. Rc1 Nb4 14. a3 Nxd3 15. Nxd3 Rc8 16. Ne5 Nd5 17. Nxd5 Qxd5 18. f3 Rxc1 19. Qxc1 Rc8 20. Qd2 Qb5 21. Rc1 Qe8 22. Rxc8 Qxc8 23. Qc3 Qxc3 24. bxc3 Bxa3 25. c4 f6 26. Nd3 Ba6 0-1

[Event "Titled Tuesday intern op 28th Mar Early"]
[Site "Chess.com INT"]
[Date "2023.03.28"]
[Round "8"]
[White "Galchenko, Vadim"]
[Black "Valdes Escobar, Alvaro Daniel"]
[Result "1-0"]
[WhiteElo "2207"]
[BlackElo "2349"]
[PlyCount "117"]
[EventDate "2023.03.28"]
[EventType "swiss (blitz)"]
[EventRounds "11"]
[EventCountry "USA"]
[SourceTitle "EXT 2024"]
[Source "ChessBase"]
[SourceDate "2023.10.10"]
[SourceVersion "1"]
[SourceVersionDate "2023.10.10"]
[SourceQuality "1"]

1. e4 c5 2. a3 d5 3. exd5 Qxd5 4. Nc3 Qe6+ 5. Be2 Nf6 6. Nf3 Nc6 7. 0-0 a6 8. d4 cxd4 9. Nxd4 Nxd4 10. Qxd4 Qd7 11. Qh4 g6 12. Rd1 Qe6 13. Bh6 Bd7 14. Rd3 Bxh6 15. Qxh6 Bc6 16. Rad1 Ng4 17. Bxg4 Qxg4 18. f3 Qe6 19. Qg7 Qf6 20. Qh6 g5 21. Qxf6 exf6 22. Re1+ Kf8 23. Rd6 Kg7 24. Kf2 h5 25. Red1 Rhe8 26. Ne2 Re7 27. Nd4 Re5 28. Nxc6 bxc6 29. Rxc6 a5 30. b4 axb4 31. axb4 Rae8 32. Rd2 h4 33. c4 f5 34. b5 Re1 35. b6 Rb1 36. c5 Ree1 37. Rc7 f4 38. b7 h3 39. gxh3 Rh1 40. Ke2 Rxh2+ 41. Kd3 Rhh1 42. c6 Rxh3 43. Rc8 Rxf3+ 44. Kd4 Rfb3 45. Rd8 Rb4+ 46. Kc5 Rb5+ 47. Kd6 Rc1 48. Kc7 Rbc5 49. R8d6 Rxc6+ 50. Rxc6 Rb1 51. Kc8 f3 52. Kc7 g4 53. Rb6 Rc1+ 54. Kd6 g3 55. b8Q f2 56. Rb4 f1Q 57. Rg4+ Kf6 58. Qd8+ Kf5 59. Qg5# 1-0

[Event "Titled Tuesday intern op 28th Mar Early"]
[Site "Chess.com INT"]
[Date "2023.03.28"]
[Round "5"]
[White "Papp, Bence"]
[Black "Valdes Escobar, Alvaro Daniel"]
[Result "0-1"]
[WhiteElo "2264"]
[BlackElo "2349"]
[PlyCount "62"]
[EventDate "2023.03.28"]
[EventType "swiss (blitz)"]
[EventRounds "11"]
[EventCountry "USA"]
[SourceTitle "EXT 2024"]
[Source "ChessBase"]
[SourceDate "2023.10.10"]
[SourceVersion "1"]
[SourceVersionDate "2023.10.10"]
[SourceQuality "1"]

1. e4 c5 2. Nf3 e6 3. b3 b6 4. d4 cxd4 5. Nxd4 Bb7 6. Bd3 d6 7. Bb2 Nf6 8. Qe2 a6 9. 0-0 Nbd7 10. Nd2 Be7 11. Rad1 0-0 12. f4 Qc7 13. c4 Rfe8 14. Bb1 Bf8 15. N4f3 e5 16. f5 b5 17. Kh1 Nb6 18. Rc1 Qd7 19. Rfd1 Rac8 20. cxb5 axb5 21. Nf1 Rxc1 22. Bxc1 Qc6 23. Ng3 d5 24. exd5 Nbxd5 25. Bb2 Nf4 26. Qc2 Ng4 27. Qxc6 Bxc6 28. Kg1 Bc5+ 29. Kf1 Ne3+ 30. Ke1 Nfxg2+ 31. Ke2 Nxd1 0-1

[Event "Titled Tuesday intern op 28th Mar Late"]
[Site "Chess.com INT"]
[Date "2023.03.28"]
[Round "9"]
[White "Valdes Escobar, Alvaro Daniel"]
[Black "Dahlgren, James Allen"]
[Result "1-0"]
[WhiteElo "2349"]
[BlackElo "1834"]
[PlyCount "61"]
[EventDate "2023.03.28"]
[EventType "swiss (blitz)"]
[EventRounds "11"]
[EventCountry "USA"]
[SourceTitle "EXT 2024"]
[Source "ChessBase"]
[SourceDate "2023.10.10"]
[SourceVersion "1"]
[SourceVersionDate "2023.10.10"]
[SourceQuality "1"]

1. e4 e6 2. d4 c5 3. d5 Nf6 4. Nc3 d6 5. h3 Be7 6. Nf3 0-0 7. Be2 e5 8. 0-0 a6 9. a4 g6 10. Nd2 Ne8 11. Nc4 f5 12. a5 f4 13. Bg4 Nd7 14. Na4 Ndf6 15. Be6+ Kg7 16. Nab6 Bxe6 17. dxe6 Rb8 18. b4 Nxe4 19. Re1 Nc3 20. Qd2 cxb4 21. Nd7 Nf6 22. Nxb8 Qxb8 23. Bb2 Nfe4 24. Qd3 d5 25. Bxc3 Nxc3 26. Nxe5 Qd6 27. Nd7 Re8 28. Qd4+ Kg8 29. Nf6+ Bxf6 30. Qxf6 Qxe6 31. Rxe6 1-0

[Event "Titled Tuesday intern op 28th Mar Early"]
[Site "Chess.com INT"]
[Date "2023.03.28"]
[Round "9"]
[White "Valdes Escobar, Alvaro Daniel"]
[Black "Lorenzo de la Riva, Lazaro"]
[Result "0-1"]
[WhiteElo "2349"]
[BlackElo "2420"]
[PlyCount "88"]
[EventDate "2023.03.28"]
[EventType "swiss (blitz)"]
[EventRounds "11"]
[EventCountry "USA"]
[SourceTitle "EXT 2024"]
[Source "ChessBase"]
[SourceDate "2023.10.10"]
[SourceVersion "1"]
[SourceVersionDate "2023.10.10"]
[SourceQuality "1"]

1. c4 e6 2. Nc3 c5 3. Nf3 b6 4. g3 Bb7 5. Bg2 Nf6 6. 0-0 Be7 7. Re1 a6 8. e4 d6 9. d4 cxd4 10. Nxd4 Qc7 11. Be3 Nbd7 12. f4 h5 13. h3 g6 14. Rc1 Nc5 15. Bf2 Rc8 16. Qd2 0-0 17. b3 Qb8 18. Qe2 Rfe8 19. g4 e5 20. fxe5 dxe5 21. Nc2 Ne6 22. Nd5 Nf4 23. Qf3 N6xd5 24. cxd5 Rc5 25. Bxc5 Bxc5+ 26. Kh2 a5 27. gxh5 Nxh5 28. Ne3 Nf4 29. Bf1 Bc8 30. Ng4 Kg7 31. Rc2 Qd6 32. Rec1 Rh8 33. Rxc5 bxc5 34. Kg1 Bxg4 35. Qxg4 Rb8 36. Qg3 Rb4 37. Bg2 a4 38. bxa4 Rxa4 39. Rc2 c4 40. Qc3 Ra3 41. Qb2 Rg3 42. Kf1 Nxg2 43. Rxg2 Rxh3 44. Rc2 Qf6+ 0-1

[Event "Titled Tuesday intern op 21st Mar Late"]
[Site "Chess.com INT"]
[Date "2023.03.21"]
[Round "6"]
[White "Bogaudinov, Rushan"]
[Black "Valdes Escobar, Alvaro Daniel"]
[Result "0-1"]
[WhiteElo "1939"]
[BlackElo "2349"]
[PlyCount "66"]
[EventDate "2023.03.21"]
[EventType "swiss (blitz)"]
[EventRounds "11"]
[EventCountry "USA"]
[SourceTitle "EXT 2024"]
[Source "ChessBase"]
[SourceDate "2023.10.10"]
[SourceVersion "1"]
[SourceVersionDate "2023.10.10"]
[SourceQuality "1"]

1. a3 d5 2. Nf3 g6 3. d4 Bg7 4. e3 Nf6 5. c4 0-0 6. b4 a5 7. Bb2 axb4 8. axb4 Rxa1 9. Bxa1 Bg4 10. c5 Nc6 11. Bc3 Ne4 12. b5 Nb8 13. Be2 Nd7 14. Qb3 c6 15. Nfd2 Bxe2 16. Kxe2 Nxc3+ 17. Nxc3 e5 18. bxc6 bxc6 19. Nf3 exd4 20. exd4 Qa5 21. Rc1 Qa6+ 22. Kd2 Bh6+ 23. Kc2 Bxc1 24. Kxc1 Rb8 25. Qd1 Qa1+ 26. Kd2 Rb2+ 27. Ke1 Qa5 28. Qd3 Rb3 29. Kd2 Nf6 30. Kc2 Qa3 31. Ng5 h6 32. Qf3 Qb2+ 33. Kd1 Rxc3 0-1

[Event "Titled Tuesday intern op 21st Mar Early"]
[Site "Chess.com INT"]
[Date "2023.03.21"]
[Round "8"]
[White "Ciuffoletti, Paolo"]
[Black "Valdes Escobar, Alvaro Daniel"]
[Result "0-1"]
[WhiteElo "2106"]
[BlackElo "2349"]
[PlyCount "44"]
[EventDate "2023.03.21"]
[EventType "swiss (blitz)"]
[EventRounds "11"]
[EventCountry "USA"]
[SourceTitle "EXT 2024"]
[Source "ChessBase"]
[SourceDate "2023.10.10"]
[SourceVersion "1"]
[SourceVersionDate "2023.10.10"]
[SourceQuality "1"]

1. e4 c5 2. d4 cxd4 3. c3 dxc3 4. Nxc3 Nc6 5. Nf3 d6 6. Bc4 a6 7. 0-0 Nf6 8. h3 e6 9. Qe2 Be7 10. Rd1 Bd7 11. Bf4 Qb8 12. e5 dxe5 13. Nxe5 Nxe5 14. Bxe5 Qc8 15. Rac1 Bc6 16. Bd3 0-0 17. Ne4 Nxe4 18. Bxe4 Rd8 19. Rxd8+ Qxd8 20. Bxc6 bxc6 21. Rxc6 Qd5 22. Rc7 Bd8 0-1